000 00569nam a2200193Ia 4500
005 20250326143257.0
008 250326s9999 xx 000 0 und d
020 _a1-57675-159-7
037 _aTextbook
040 _aFMSL
_beng
_cFMSL
041 _aeng
_2eng
084 _aX:9 P3
_qFMSL
100 _aLengnick-hall M L
_9747749
245 0 _aHuman resource management in the knowledge economy
_cLengnick-hall M L
260 _aSan Francisco
_bSan Francisco, Berrett-Koehler
_c2003
300 _a204p
942 _cTB
_hX:9 P3
999 _c1298883
_d1298883